Tổng quan về lý thuyết hệ thống
Cuốn sách gồm 4 chương giới thiệu tập hợp và cấu trúc, lý thuyết mạng - một cấu trúc dưới hệ thống, khái niệm hệ thống trên quan điểm Triết học và Toán học, hệ thống mờ và ứng dụng......
محفوظ في:
| المؤلف الرئيسي: | |
|---|---|
| التنسيق: | كتاب |
| اللغة: | Undetermined |
| منشور في: |
Thành phố Hồ Chí Minh
Đại học Quốc gia thành phố Hồ Chí Minh
2003
|
| الموضوعات: | |
| الوسوم: |
إضافة وسم
لا توجد وسوم, كن أول من يضع وسما على هذه التسجيلة!
|
| Thư viện lưu trữ: | Trung tâm Học liệu Trường Đại học Cần Thơ |
|---|
| LEADER | 00924nam a2200205Ia 4500 | ||
|---|---|---|---|
| 001 | CTU_95327 | ||
| 008 | 210402s9999 xx 000 0 und d | ||
| 020 | |c 14000 | ||
| 082 | |a 003 | ||
| 082 | |b Ph550 | ||
| 100 | |a Nguyễn, Đình Phư | ||
| 245 | 0 | |a Tổng quan về lý thuyết hệ thống | |
| 245 | 0 | |c Nguyễn Đình Phư | |
| 260 | |a Thành phố Hồ Chí Minh | ||
| 260 | |b Đại học Quốc gia thành phố Hồ Chí Minh | ||
| 260 | |c 2003 | ||
| 520 | |a Cuốn sách gồm 4 chương giới thiệu tập hợp và cấu trúc, lý thuyết mạng - một cấu trúc dưới hệ thống, khái niệm hệ thống trên quan điểm Triết học và Toán học, hệ thống mờ và ứng dụng... | ||
| 650 | |a System theory | ||
| 904 | |i Trúc | ||
| 980 | |a Trung tâm Học liệu Trường Đại học Cần Thơ | ||